Práca s tabuľkovými procesormi (na predmet informatika I)

Guardado en:
Detalles Bibliográficos
Autor principal: Pólya, Attila
Autor Corporativo: Ekonomická univerzita v Bratislave. Obchodná fakulta
Otros Autores: Kristová, Gabriela, Poláček, Marian, Škvarčeková, Oľga
Formato: Libro
Lenguaje:eslovaco
Publicado: Bratislava Vydavateľstvo EKONÓM 2004
Edición:3. uprav. a rozšír. vyd.
Materias:
Etiquetas: Agregar Etiqueta
Sin Etiquetas, Sea el primero en etiquetar este registro!

MARC

LEADER 00000nam$a2200000$$$4500
001 0019827
005 20240502071409.7
020 |a 80-225-1878-6 
041 0 |a slo 
044 |a SK 
245 1 0 |a Práca s tabuľkovými procesormi  |b (na predmet informatika I)  |c Attila Pólya a kol. 
250 |a 3. uprav. a rozšír. vyd. 
264 1 |a Bratislava  |b Vydavateľstvo EKONÓM  |c 2004 
300 |a 290 s. 
610 2 0 |a informatika 
610 2 0 |a procesory tabuľkové 
610 2 0 |a funkcie matematické 
610 2 0 |a grafika počítačová 
610 2 0 |a štatistika 
610 2 0 |a logika 
610 2 0 |a dáta 
100 1 |a Pólya, Attila 
700 1 |a Kristová, Gabriela 
700 1 |a Poláček, Marian 
700 1 |a Škvarčeková, Oľga 
710 2 |a Ekonomická univerzita v Bratislave. Obchodná fakulta